000 00290nam a22001097a 4500
005 20171028120004.0
008 171028b xxu||||| |||| 00| 0 eng d
022 _a2321-3213
245 _aRai Technology Research & Innovation
260 _aRanchi
_bJharkhand Rai University
_c2017
942 _cJRL
999 _c5639
_d5637